000 00988cam a22002531 4500
001 e 51000012
003 DLC
005 20260227111234.0
008 780811s1951 xx 000 0 eng c
010 _ae 51000012
035 _a(OCoLC)4130111
040 _aU. S. Office of Education
_cGStG
_dDLC
042 _apremarc
050 0 0 _aL111
_b.A72 no. 289
051 _aLB2806
_b.F7
082 _a370.76
100 1 _aFranseth, Jane.
245 1 0 _aLearning to supervise schools;
_ban appraisal of the Georgia program.
260 _a[Washington]
_bFederal Security Agency, Office of Education
_c[1951]
300 _avi, 50 p.
_c26 cm.
410 1 0 _aUnited States.
_bOffice of Education.
_tCircular,
_vno. 289
500 _aL111.A72 bound with Circular no. 276-no. 299. Washington : United States, Department of the Interior, Office of Education : For sale by the Supt. of Docs., U.S.G.P.O., 1950-51 subsequent to publication.
650 0 _aSchool management and organization
_zGeorgia.
999 _c22147
_d22147